Vývoj přístupu ke strategickému řízení v českých podnicích a komparace s Rakouskem
Prístupy k strategickému riadeniu v českých podnikoch a ich porovnanie s Rakúskom. Nástroje strategického riadenia a plánovania. Porterova analýza. Z analýzy vyplýva, že prístup k strategickému riadeniu v ČR sa vyvíja pozitívnym smerom a je už porovnateľný s Rakúskom pred 10 rokmi.
Salvato in:
| Autore principale: | |
|---|---|
| Natura: | Capitolo di libro |
| Lingua: | ceco |
| Soggetti: | |
| Tags: |
Nessun Tag, puoi essere il primo ad aggiungerne!!
|
MARC
| LEADER | 00000naa$a2200000$$$4500 | ||
|---|---|---|---|
| 001 | 0014778 | ||
| 005 | 20221128113001.1 | ||
| 041 | 0 | |a cze | |
| 044 | |a SK | ||
| 245 | 1 | 0 | |a Vývoj přístupu ke strategickému řízení v českých podnicích a komparace s Rakouskem |c aut. Hana Scholleová |
| 520 | |a Prístupy k strategickému riadeniu v českých podnikoch a ich porovnanie s Rakúskom. Nástroje strategického riadenia a plánovania. Porterova analýza. Z analýzy vyplýva, že prístup k strategickému riadeniu v ČR sa vyvíja pozitívnym smerom a je už porovnateľný s Rakúskom pred 10 rokmi. | ||
| 610 | 2 | 0 | |a riadenie strategické |
| 610 | 2 | 0 | |a ciele podnikové |
| 610 | 2 | 0 | |a nástroje riadenia |
| 610 | 2 | 0 | |a Česko |
| 610 | 2 | 0 | |a Rakúsko |
| 610 | 2 | 0 | |a porovnanie medzinárodné |
| 100 | 1 | |a Scholleová, Hana | |